| 000 | 00871cam a22002171 4500 | ||
|---|---|---|---|
| 022 | _a0826904513 | ||
| 082 |
_a692.1 _b SUN |
||
| 100 | 1 |
_aSundberg, Elmer W. _945466 |
|
| 245 | 1 | 0 |
_aBuilding trades blueprint reading _c[by] Elmer W. Sundberg. |
| 260 |
_aChicago, _bAmerican Technical Society _c1973. |
||
| 300 |
_billus. _c28 cm. |
||
| 500 | _aIncludes earlier editions of some volumes. | ||
| 500 | _aVols. prior to 1967 are entered under J. R. Dalzell. | ||
| 505 | 1 | _apt. 1. Fundamentals. ed. --pt. 2. Residential and light commercial construction. ed. --pt. 3. General construction: specifications and heavy construction. ed. | |
| 526 |
_a0 _b0 _c0 _d692_100000000000000_SUN |
||
| 650 | 0 |
_aArchitectural drawing. _925520 |
|
| 650 | 0 |
_aBlueprints. _937725 |
|
| 650 | 0 |
_aMCE _9379 |
|
| 700 | 1 |
_aDalzell, J. Ralph _945372 |
|
| 942 |
_2ddc _cBK |
||
| 999 |
_c548984 _d548984 |
||